00239nam a22000977a 4500008004100000020002200041100001500063245002500078260003000103300000800133240618b |||||||| |||| 00| 0 eng d a978-81-219-0624-5 aS.P. Gupta aPractical Statistics aNew DelhibS. Chandc2005 a563